000 01483nam a2200289Ia 4500
001 18144
003 GE_BSU
008 181216s||||||||xx |||||||||||||| ||und||
020 _a99928-79-64-X
040 _cGE_BSU
080 _a94(=353.1)+39+811.353.1
100 _aფუტკარაძე, ტარიელ
245 _aქართველები. ნაწ. 1. ქრისტიანობამდელი ეპოქა
245 _cინგლ. თარგმანი-ირინე კუცია; თურქული-აბდულაჰ ზორლუ (არჩილ ზოიძე) და სხვ.
250 _aქუთაისის სახ. უნ-ტის დიალექტოლოგიის ს/კ ინ-ტი
260 _aქუთაისი
260 _bქუთაისის სახ. უნ-ტი
260 _c2005
300 _a624 გვ. : .22სმ.
300 _eბიბლიოგრ.: გვ. 493-528., რუკები გვ.617-624
520 _aტექსტი ქართ., თურქ. და ინგლ. ენ..
541 _h20ლ.
653 _aქართველები
653 _aქართველები; ქართველური ენები; ქართული ენა; ქართული ენის დიალექტები
653 _aქრისტიანობამდელი ეპოქა
942 _cBK
999 _c51185
_d51185